BRD Klausur - Statistiken

Allgemein
  • Dieses Quiz wurde 24 mal gespielt
  • Das Durchschnittsergebnis liegt bei 4 aus 15
Antwortstatistiken
Frage Antwort % Korrekt
Was ist keine Funktion des Parlaments? Zielerfüllungsfunktion
67%
Was ist keine zentrale Variable zur Erklärung Politikwechsel? Legitimation der Vetospieler
50%
Was ist keine Auswirkung der direkten Demokratie in der Schweiz auf die Staatstätigkeit? Legitimationseffekte
50%
Welches Bedürfnis ist in der Pyramide von Maslow am niedrigsten? Sicherheitsbedürfnisse
50%
Was ist nötig, damit föderale Machtverteilung funktioniert? Bikameralismus
33%
Was steht nicht im demokratischen Vorteil von Halperin? Demokratischer Frieden erhöht die Policy-Stabilität
33%
Welcher ist kein zentraler Parameter der Vetospielertheorie? Stabilität
33%
Was gehört zu den Typen von direktdemokratischen Personenabstimmungen? Abberufungen
17%
Welche gehört nicht zur Parteienentwicklung nach Beymes? Kartelparteien
17%
Was gehört nicht zu den Entscheidungstypen des Bundesverfassungsgerichts? Normänderungsverfahren
17%
Was ist kein sozialpolitisches Ziel des deutschen Sozialstaates? Unterstützung bei der beruflichen Eingliederung
17%
Welche dieser Cleavages ist für die liberalen Parteien am wenigsten interessant? Zentrum vs. Peripherie
17%
Wie viele Richter gibt es in der Großen Kammer des Europäischen Gerichtshof? 15
0%
Welcher Bundeskanzler erfüllt die wenigsten Kriterien einer Kanzlerdemokratie nach Niclauß? Kiesinger
0%
Welcher Schritt geht dem Output in der Zyklus-Police voraus? Politikimplementation
0%
Keine übereinstimmenden Quizze gefunden
Verteilung der Resultate
Anzahl Personen mit jedem Resultat
Perzentil nach korrekt beantworteten Fragen
Ihre Resultats-Entwicklung
Sie haben dieses Quiz noch nicht gespielt